000 00851cam a2200253 a 4500
001 565182
003 GBCCL
005 20241126110410.0
008 890410s1989 mou b 000 0 eng
010 _a 89033438
020 _a0570045347
040 _aDLC
_cDLC
_dDLC
050 0 0 _aBV2061
_b.B53 1989
082 0 0 _a266
_220
_bBIC
100 1 _aBickel, Philip M.,
_d1948-
_93826
245 1 0 _aJoy to the world :
_bGod's global mission for local Christians /
_cPhilip M. Bickel.
260 _aSt. Louis :
_bConcorida Pub. House,
_cc1989.
300 _a153 p. ;
_c23 cm.
504 _aBibliography: p. 143-153.
650 0 _aMissions.
_9885
906 _a7
_bcbc
_corignew
_d1
_eocip
_f19
_gy-gencatlg
942 _2ddc
_cBK
_01
999 _c1828
_d1828